| 000 | 01423nam0a22003491 4500 | ||
|---|---|---|---|
| 001 | RU\NLR\Evr\3957 | ||
| 005 | 20260406092142.0 | ||
| 035 | _a(NLR Aleph) 011420339 | ||
| 090 |
_a11602922 _c11602922 |
||
| 100 | _a20101109d1929 u y0rusy50 ca | ||
| 101 | 1 | _ayid | |
| 102 | _aRU | ||
| 105 | _aa ||||||||| | ||
| 200 | 1 |
_6a01 _7ba _aInem grinem-groz _fO. Guryan _gYidish: L. Rozenblum |
|
| 210 |
_6a01 _aMoskve _cTsentraler felker-farlag fun FSSR _d1929 _7ba |
||
| 210 |
_6a01 _9z02 _aמאָסקווע _cצענטראלער פעלקער-פארלאג פון פססר _d1929 |
||
| 210 |
_9z02 _aМосква _cЦентральное издательство народов СССР _d1929 _7ca |
||
| 215 |
_a12 с. _cИл. _d24 см. |
||
| 510 | 1 |
_6a01 _aאינעם גרינעם-גראָז _fאָ. גוריאן _gאידיש: ל. ראָזענבלום |
|
| 517 | 1 |
_aНа травке-муравке _zrus |
|
| 541 | 1 |
_aНа зеленой траве _zrus |
|
| 700 | 1 |
_4070 _8rus _7ca _aГурьян _bО. М. _cдет. писатель _f1899-1974 _gОльга Марковна _3RU\NLR\AUTH\7762785 _945715 |
|
| 702 | 1 |
_6a01 _aРозенблюм _bЛ. _3RU\NLR\AUTH\7949056 _4730 _7ca |
|
| 801 | 0 |
_aRU _bNLR _c20101109 _gpsbo |
|
| 801 | 0 |
_aRU _bNLR _gPSBO |
|
| 801 | 1 |
_aRU _bNLR _c20101109 _2rusmarc |
|
| 801 | 2 |
_aRU _bNLR _c20160425 _2rusmarc |
|
| 852 |
_aNLR _bОЛСАА/идиш _j4-39 |
||
| 942 | _cBOOK | ||
| 980 | _aNB | ||
| 980 | 1 | _aIDISH | |